000 00578nam a2200217Ia 4500
003 OSt
005 20220928135349.0
006 a|||||r|||| 00| 0
007 ta
008 220927b |||||||| |||| 00| 0 eng d
024 _a1524
037 _cTextual
040 _aSDCL
_cSDCL
_beng
041 _2eng
_aeng
082 _aO-w, M0
100 _aSpengemann William
_9490070
245 0 _aForms of autobiography
_b Episodes in the history of a literary genre
260 _c1980
942 _hO-w, M0
_cTEXL
_2CC
999 _c805373
_d805373